000 00448cam a2200193ua 4500
001 7521
005 20260515114226.0
008 141212n ii |||gr||||Z||||||ben
040 _cMAIN
041 _aben
082 _a305.23
100 _aBrahmachari, S.,
_eAuthor.
245 1 _aSishur mon
_cBy Sukhenlal Brahmachari
250 _a1st.
260 _aKolkatta:
_bBiswabharati,
_c1965.
300 _a44p.
653 _aSocial groups
942 _cBK
999 _c6639
_d6639